00978nam a2200253 i 450000100060000000300090000600500170001500700030003200800410003508000350007610000330011124501360014426000420028030000490032249000520037160000360042361000490045965500400050870000380054871000400058683000490062685200240067585200250069993402ES-MaACL20250624062854.0t|050526s1961 sp ||||1| spa d a77.04 Masats, Ramón (083.82)0 aMasats, Ramón, d1931-202410aMasats b: [exposición, Sala del Prado del Ateneo de Madrid, 4-17 de abril de 1961] / c[texto, José Luis Fernández del Amo]. aMadrid : bEditora Nacional, c[1961] a[34] p. : bprincipalmente il. n. ; c21 cm.1 aCuadernos de arte. Colección ordinaria ; v7614aMasats, Ramón-vExposiciones.27aAteneo de Madrid-vExposiciones-y1960-1969. 72tgfbneaCatálogos de exposiciones1 aFernández del Amo, José Luis.2 aAteneo de Madrid. bSala del Prado.1 aCuadernos de arte. Colección ordinariav76 aES-MaACLj2191-F-21 aES-MaACLjG-13297(7)